|
|
|
|
| LEADER |
00000nbm0a2200000 4500 |
| 001 |
185755 |
| 005 |
20231031173101.0 |
| 035 |
|
|
|a (RuTPU)RU\TPU\book\201530
|
| 035 |
|
|
|a RU\TPU\book\195347
|
| 090 |
|
|
|a 185755
|
| 100 |
|
|
|a 20101014d1959 k y0rusy50 ca
|
| 101 |
0 |
|
|a rus
|
| 102 |
|
|
|a RU
|
| 105 |
|
|
|a a p 001zy
|
| 200 |
1 |
|
|a Отчет о научно-исследовательской работе института за 1959 год
|f Томский политехнический институт (ТПИ)
|
| 210 |
|
|
|a Томск
|d 1960
|
| 215 |
|
|
|a 122 л.
|
| 320 |
|
|
|a Список опубликованных работ: с. 81-122( 551 назв.)
|
| 610 |
1 |
|
|a отчеты о НИР
|
| 610 |
1 |
|
|a институты
|
| 610 |
1 |
|
|a научная деятельность
|
| 610 |
1 |
|
|a научные школы
|
| 610 |
1 |
|
|a внедрение
|
| 610 |
1 |
|
|a вузы
|
| 610 |
1 |
|
|a отчеты
|
| 675 |
|
|
|a 6.022
|v 3
|
| 712 |
0 |
2 |
|a Томский политехнический институт (ТПИ)
|c (1944-1991)
|2 stltpush
|3 (RuTPU)RU\TPU\col\1123
|
| 801 |
|
1 |
|a RU
|b 63413507
|c 20100512
|
| 801 |
|
2 |
|a RU
|b 63413507
|c 20101014
|g RCR
|
| 942 |
|
|
|c BK
|